Ngược về nguồn cội Tiểu luận và tư liệu
সংরক্ষণ করুন:
| প্রধান লেখক: | |
|---|---|
| বিন্যাস: | গ্রন্থ |
| ভাষা: | Vietnamese |
| প্রকাশিত: |
TP. Hồ Chí Minh
Nhà xuất bản tổng hợp TP. Hồ Chí Minh
2010
|
| বিষয়গুলি: | |
| ট্যাগগুলো: |
ট্যাগ যুক্ত করুন
কোনো ট্যাগ নেই, প্রথমজন হিসাবে ট্যাগ করুন!
|
| Thư viện lưu trữ: | Trung tâm Học liệu Lê Vũ Hùng, Trường Đại học Đồng Tháp |
|---|
| LEADER | 00811pam a22002418a 4500 | ||
|---|---|---|---|
| 001 | 00041089 | ||
| 005 | 20180320070308.0 | ||
| 008 | 121122s2009 ||||||viesd | ||
| 020 | # | # | |c 50000 |
| 041 | 0 | # | |a vie |
| 082 | 1 | 4 | |a 959.7 |b NG557V |
| 100 | 1 | # | |a Nguyễn, Phan Quang |
| 245 | 0 | 0 | |b Tiểu luận và tư liệu |a Ngược về nguồn cội |c Nguyễn Phan Quang |
| 260 | # | # | |a TP. Hồ Chí Minh |b Nhà xuất bản tổng hợp TP. Hồ Chí Minh |c 2010 |
| 300 | # | # | |c 21 cm |a 269 tr. |
| 653 | # | # | |a Doanh nhân |
| 653 | # | # | |a Lịch sử |
| 653 | # | # | |a Tôn Giáo |
| 653 | # | # | |a Việt Nam |
| 653 | # | # | |a Đời sống |
| 852 | # | # | |j KD.0023034 |j KM.0024940 |
| 910 | |d 19/03/2018 | ||
| 980 | # | # | |a Trung tâm Học liệu Lê Vũ Hùng, Trường Đại học Đồng Tháp |